00772 2200181 4500245005500000020002200055250001100077100001700088700001500105650001700120005001900137260004000156041001400196084001100210300002900221500033100250336000900581 aAzzamine b : Azzam & JasminecSophia AuliahText a978-602-220-433-6 aCet. 1 aSophia Aulia aAny Alaine aNovel Remaja a20231002103357 aJakartabBukune Kreatif Ciptac2022 aIndonesia a808.83 aviii, 356 hlm. :c19 cm. aRaden azzam datang secara tiba-tiba dihidup haura jasmine lewat sebuah perjodohan. Jasmine yang tidak siap dengan perjodohan ini pun meminta azzam untuk mundur. Bukan karena tidak suka, melainkan jasmine si pemalas ini merasa tidak pantas bersanding dengan azzam yang selalu membawa keteduhan ditingkah laku dan tutur katanya. atext